MESTSKÁ KNIŽNICA GIRALTOVCE  - online katalóg 

Základy vedeckého komunizmu (Record no. 15524)

000 -NÁVESTIE
fixed length control field 00547nam a2200205 a 4500
008 - ÚDAJE S PEVNOU DĹŽKOU – VŠEOBECNÉ INFORMÁCIE
fixed length control field 960126s1965||||[C 0 cze c
040 ## - ZDROJ KATALOGIZÁCIE
Pôvodná katalogizujúca agentúra SNK
Jazyk katalogizácie slo
Prepisujúca agentúra SNK
Konvencie popisu AACR2
041 1# - KÓD JAZYKA
Kód jazyka textu/zvukovej stopy alebo samostatných nápisov slo
044 ## - KÓD KRAJINY VYDAVATEĽA/PRODUCENTA
Kód krajiny MARC xo
Kód krajiny ISO SK
080 ## - ČÍSLO MEDZINÁRODNÉHO DESATINNÉHO TRIEDENIA (MDT)
Číslo Medzinárodného desatinného triedenia (MDT) 141.82
020 ## - MEDZINÁRODNÉ ŠTANDARDNÉ ČÍSLO KNIHY (ISBN)
Údaje o dostupnosti 19,50
245 10 - NÁZOV
Názov Základy vedeckého komunizmu
250 ## - ÚDAJ O PORADÍ VYDANIA
Údaj o poradí vydania 3. vyd.
260 ## - VYDAVATEĽSKÉ ÚDAJE, DISTRIBÚCIA ATĎ.
Miesto publikovania, distribúcie atď. Bratislava
Názov vydavateľa, distibútora atď. VPL
Dátum publikovania, distribúcie atď. 1965
300 ## - FYZICKÝ POPIS
Rozsah 349, [10] s.
Rozmery 21 cm
490 0# - EDÍCIA
Edícia Učebnice pro střední stupeň stranického vzdělávaní
700 1# - PRIDANÝ VSTUP – OSOBNÉ MENO
Osobné meno Afanasiev, V.G.
Kód roly com
700 1# - PRIDANÝ VSTUP – OSOBNÉ MENO
Osobné meno Mervart, Miroslav
Kód roly trl
958 ## - Formálny deskriptor
Formálny deskriptor A
Holdings
Stav stiahnutia (Blokovanie) (Withrawn status) Stav straty Stav poškodenia (Damaged status) Nie pre výpožičky (Not for loan) Spôsob nadobudnutia (Collection code) Trvalé umiestnenie Aktuálne umiestnenie Dátum nadobudnutia Náklady, bežná kúpna cena Inventárne číslo (prírastkové číslo) Full call number Dátum posledného výskytu Cena s účinnosťou od Typ jednotky Koha
Vyradený       Kúpa Mestská knižnica Giraltovce Mestská knižnica Giraltovce 2019-11-29 19.50 14547 K 100 2019-11-29 2019-11-29 Odborná literatúra pre dospelých

Powered by Koha